| 000 | 00674nam a2200205 a 4500 | ||
|---|---|---|---|
| 005 | 20210223124835.0 | ||
| 008 | 030220s1993 mx r 000 0 spa d | ||
| 020 | _a8433106236 | ||
| 035 | _aUPN01000122099 | ||
| 049 | _aCG | ||
| 050 | 4 |
_aLB1645 E5 _bS2.5 |
|
| 100 | 1 | _aSánchez Hernández, Augusto | |
| 245 | 1 | 0 |
_aMatemáticas de educación secundaria obligatoria / _cAugusto Sánchez Hernández, Santiago Calviño. |
| 260 |
_aMadrid : _bEscuela Española, _c1993. |
||
| 300 |
_a239 p. : _bil. |
||
| 440 | 0 | _aDidáctica escolar | |
| 650 | 4 |
_aMATEMATICAS - _xESTUDIO Y ENSEÑANZA (SECUNDARIA) - _zESPAÑA _913857 |
|
| 700 | 1 |
_aCalviño, Santiago, _ecoaut. |
|
| 905 | _aLibro | ||
| 999 |
_c94300 _d94300 |
||